000 00522nam a2200193Ia 4500
005 20250508163715.0
008 008 250505s9999 xx 000 0 hin d
037 _aTextual
040 _aFEDL
_beng
_cFEDL
041 _ahin
_2hin
084 _a157, SHR
_qFEDL
100 _aShrivastawa D. N.
_9776057
245 0 _aAdhunik asamanya manovigyan
260 _aAgra, India
_bSahitya Prakashan
300 _a456p.
650 _aAbnormal Psychology
942 _cTEXL
_h157, SHR
999 _c1384824
_d1384824